| 000 | 01093nam a2200277 a 4500 | ||
|---|---|---|---|
| 008 | 951214s1988||||[C 0 slo c | ||
| 020 |
_c11 Kčs. _q(24800 výtl.) |
||
| 040 |
_aSNK _bslo _cSNK _eAACR2 |
||
| 041 | 1 |
_aslo _hslo |
|
| 044 |
_axo _cSK |
||
| 080 | _a803.0(075.3) | ||
| 245 | 1 | 0 | _aNemecký jazyk pre 1. ročník stredných škôl ; Ľudmila Čulenová, Věra Höppnerová, Eva Ondrčková, Sigrid Múčková, Eva Kyselicová, Štefan Pavelka, Agáta pozri Lieskovská-Horová Horová-Lieskovská, Agáta Lieskovská-Horová |
| 250 | _a2., vyd. | ||
| 260 |
_aBratislava _bSPN _c1988 _ePrešov _fDuklianske tlačiarne |
||
| 300 |
_a208 s., 9,74 AH _c21 cm |
||
| 500 | _aNem.-slov. slovník. Schválilo MŠ SSR. | ||
| 700 | 1 |
_aČulenová, Ľudmila _4aut |
|
| 700 | 1 |
_aHöppnerová, Věra _4aut |
|
| 700 | 1 |
_aOndrčková, Eva _4aut |
|
| 700 | 1 |
_aMúčková, Sigrid _4aut |
|
| 700 | 1 |
_aKyselicová, Eva _4bkd |
|
| 700 | 1 |
_aPavelka, Štefan _4bkd |
|
| 700 | 1 |
_aHorová-Lieskovská, Agáta pozri Lieskovská-Horová _4bkd |
|
| 700 | 1 |
_aLieskovská-Horová, Agáta _4bkd |
|
| 958 | _aA | ||
| 999 |
_c15078 _d15078 |
||